[Event "21st Hogeschool Zeeland 2017"]
[Site "Vlissingen"]
[Date "2017.08.11"]
[Round "8"]
[White "Beerdsen, Thomas"]
[Black "Bezemer, Arno"]
[Result "1-0"]
[WhiteElo "2447"]
[BlackElo "2310"]
[Annotator "TA"]
[PlyCount "93"]
[EventDate "2017.??.??"]
[SourceTitle "playchess.com"]
[Source "ChessBase"]
[SourceQuality "1"]

{[%evp 16,93,-21,-15,0,-25,-21,-27,-16,-26,-7,-22,0,0,0,0,0,5,10,0,22,0,0,-47,-8,-21,0,0,0,0,0,-66,-65,-104,-59,-174,0,0,0,0,0,0,0,0,0,0,0,0,0,0,0,0,0,0,0,0,0,0,0,0,0,0,752,700,5185,5093,29982,29983,29983,29984,29984,73,29985,29986,29986,29987,29987,29988,29988,29987]} 1. e4 c5 2. Nf3 g6 3. d4 cxd4 4. Nxd4 Nc6 5. Nc3 Bg7 6. Nf3 d6 7. h3 Nf6 8. Bc4 O-O 9. O-O a6 {B70: Sicilian Dragon: 6 g3 and 6 Be2 (without a later Be3)} (9... Na5 10. Bd3 Be6 11. Qe2 Rc8 12. Rd1 Qe8 13. Rb1 a6 14. Bg5 h6 15. Bxf6 Bxf6 16. Nd5 Bg7 17. Nf4 {½-½ (42) Sasikiran,K (2661)-Edouard,R (2611) Sitges 2016}) 10. Re1 b5 11. Bb3 Bb7 {Black has an edge.} 12. Bg5 Na5 13. Nd5 (13. Qd2 {is interesting.} Rc8 14. Rad1 Re8 15. Bxf6 Bxf6 16. e5) 13... Nxb3 14. Bxf6 Bxd5 15. Bxg7 Kxg7 16. axb3 Bb7 17. Qd2 $146 ({Predecessor:} 17. Qd3) 17... Qc7 18. c3 e5 19. h4 Rad8 20. h5 d5 21. exd5 Rxd5 22. Qe3 f6 23. Nh4 (23. Red1 $11) 23... Qd7 $15 24. hxg6 Rd3 25. Qc5 (25. Qe2 $1 $15 hxg6 26. Rad1) 25... Rc8 $2 (25... hxg6 $19 26. Re3 (26. Nxg6 $2 Rc8 $17) 26... Rd5) 26. Nf5+ $1 $11 Qxf5 27. Qe7+ Kxg6 28. Qxb7 Rd2 29. Rf1 Rxb2 30. Rxa6 Rb1 {( -> ...Rxf1+)} 31. Ra1 Rxf1+ 32. Rxf1 Rxc3 33. Qxb5 {[%mdl 4096] Endgame KQR-KQR} Rc2 34. b4 Rb2 35. Qe8+ Kg5 36. b5 e4 37. f3 {[%cal Bf2f3,Bf3f4,Bf4f5][%mdl 32]} Qc5+ 38. Kh2 Qxb5 $2 {[%mdl 8192]} (38... Qf5 $11) 39. f4+ $1 $18 Kh6 40. Qf8+ Kg6 {[#]} 41. f5+ $1 Kh5 42. Qf7+ Kh6 43. Qxf6+ Kh5 {[#]} 44. Rf4 $1 {[%csl Gf4][%cal Rf6h4] White mates.} Rxg2+ 45. Kxg2 {[%csl Gf4][%cal Rf6h4]} Qe2+ 46. Rf2 Qg4+ 47. Kh1 {Precision: White = 61%, Black = 63%.} 1-0

[Event "21st Hogeschool Zeeland 2017"]
[Site "Vlissingen"]
[Date "2017.08.11"]
[Round "8"]
[White "Zwirs, Nico"]
[Black "Peek, Marcel"]
[Result "1-0"]
[WhiteElo "2399"]
[BlackElo "2293"]
[Annotator "TA"]
[PlyCount "153"]
[EventDate "2017.??.??"]
[SourceTitle "playchess.com"]
[Source "ChessBase"]
[SourceQuality "1"]

{[%evp 18,153,4,-7,23,0,43,43,130,103,89,96,93,39,45,43,32,35,65,31,94,91,94,99,90,90,93,105,84,67,287,202,195,200,196,198,200,207,187,170,196,162,165,156,154,118,195,195,195,195,195,195,195,195,195,195,219,219,219,219,219,219,219,219,219,219,219,219,219,219,219,219,219,0,218,153,153,153,153,153,153,153,153,153,153,153,153,153,153,153,153,153,153,153,153,153,153,153,153,153,153,153,153,153,153,153,153,153,153,153,153,0,153,153,153,153,153,153,153,153,5839,5539,1816,1679,1602,1370,12841,12841,12841,12839,12845,12843,12843,12843,12844,12845,12846,12845]} 1. Nf3 d5 2. c4 d4 3. g3 Nc6 4. Bg2 e5 5. d3 Nf6 6. O-O a5 7. e3 {A09: Réti Opening: 1 Nf3 d5 2 c4} dxe3 8. Bxe3 Be7 9. Nc3 O-O 10. h3 {LiveBook: 10 Games} (10. d4 exd4 11. Nxd4 Nxd4 12. Qxd4 Qxd4 13. Bxd4 c6 14. b3 Be6 {1-0 (40) Tomashevsky,E (2731)-Svidler,P (2745) Moscow 2016}) 10... h6 11. Nb5 Nd7 $146 ({Predecessor:} 11... Be6 12. Qe2 Qc8 13. Kh2 Re8 14. Rac1 Bf8 {0-1 (40) Shariyazdanov,A (2545)-Timerkhanov,A (2158) Izhevsk 2014}) 12. d4 {[%cal Bd3d4,Bd4d5][%mdl 32]} Bf6 (12... Nxd4 $14 13. Nfxd4 (13. Nbxd4 exd4 14. Nxd4 Ne5 $14) 13... exd4) 13. d5 Nb4 14. a3 Na6 15. b4 ({White should play} 15. Qe2 $16) 15... e4 $14 16. Nfd4 Ne5 17. Qb3 ({Much worse is} 17. Bxe4 Bxh3 18. Re1 axb4 $15) 17... c6 18. Nc3 {[%cal Bb5c3,Bc3d5,Bd5b6][%mdl 32]} (18. dxc6 {keeps more tension.} bxc6 19. Nc3 c5 20. Ndb5 Be6 21. Rad1) 18... cxd5 (18... c5 $14 19. Nc2 Nf3+ 20. Bxf3 exf3) 19. Nxd5 $16 Nf3+ 20. Nxf3 exf3 21. Bxf3 {[#] Strongly threatening Rad1.} Bxa1 22. Rxa1 {Hoping for b5.} axb4 23. Rd1 $36 {[%mdl 2048] Black is under pressure.} bxa3 $2 ({Better is} 23... Nc7 $1 $14) 24. Nb6 Qf6 25. Bd4 Nc5 26. Bxc5 a2 27. Nxa8 {[#] Black must now prevent Qa3.} a1=Q 28. Rxa1 Qxa1+ 29. Qd1 Qxd1+ 30. Bxd1 Re8 31. Bf3 Be6 (31... b5 $16 {was called for.}) 32. Nc7 $18 Rc8 33. Nxe6 fxe6 34. Be3 Rxc4 35. Bxb7 Kf7 36. h4 h5 37. Kg2 Rb4 38. Bc6 Rc4 39. Bb5 Rb4 40. Be2 g6 41. Kf3 Ra4 42. Bd3 Kf6 43. Be4 Ra3 44. Bc2 Rc3 45. Be4 Ra3 46. g4 hxg4+ 47. Kxg4 Ra4 48. Bg5+ Kf7 49. Kf4 Ra5 50. Bd8 Rc5 51. f3 Rb5 52. Bc7 Rc5 53. Be5 Ra5 54. Bd4 Rb5 55. Kg4 Ra5 56. Bh8 Rh5 57. Bc3 Rc5 58. Bb4 Rc4 59. Ba3 Ra4 60. Bb2 Ra2 61. Be5 {aiming for Kg5.} Rg2+ 62. Kf4 Rg1 63. Bd3 Rd1 64. Be4 {And now Kg5 would win.} Rg1 $1 65. Bd4 Rg2 66. Bc5 Kf6 67. Bd6 Rg1 68. Bc7 Rc1 $2 (68... Rg2 $16 69. Be5+ Kf7) 69. Be5+ {White is clearly winning.} Kf7 70. Kg5 Rg1+ 71. Kh6 g5 72. Bg6+ Kg8 73. hxg5 Rd1 74. Be4 Rd7 75. Kg6 Rf7 76. f4 Rf8 77. Bc2 {Precision: White = 79%, Black = 51%.} 1-0

[Event "21st Hogeschool Zeeland 2017"]
[Site "Vlissingen"]
[Date "2017.08.11"]
[Round "8"]
[White "Breukelman, Jan"]
[Black "Stillger, Bernhard"]
[Result "0-1"]
[WhiteElo "2395"]
[BlackElo "2262"]
[Annotator "TA"]
[PlyCount "121"]
[EventDate "2017.??.??"]
[SourceTitle "playchess.com"]
[Source "ChessBase"]
[SourceQuality "1"]

{[%evp 11,121,-6,0,-27,-9,-182,-174,-196,-172,-198,-181,-197,-198,-200,-199,-202,-202,-220,-216,-220,-183,-252,-224,-218,-162,-174,-167,-172,-152,-166,-118,-99,-91,-97,-50,-130,-61,-192,-160,-170,-133,-170,-172,-163,-35,-35,-35,-53,-16,-50,0,0,41,43,53,56,91,95,139,0,6,0,59,55,168,-11,-20,-23,-28,-56,-45,-160,-72,-227,-236,-244,-234,-226,-212,-548,-548,-456,-201,-472,-470,-488,-479,-725,-711,-694,-689,-670,-662,-12823,-12827,-2095,-1722,-12849,-12847,-12850,-12850,-12850,-12851,-12851,-12851,-12851,-12851,-12851,-12851,-12851,-12851,-12851]} 1. d4 Nf6 2. Nf3 d5 3. Bf4 g6 4. e3 Bg7 5. Bd3 c5 6. c3 Qb6 {LiveBook: 3 Games. D02: 1 d4 d5 2 Nf3 sidelines, including 2...Nf6 3 g3 and 2...Nf6 3 Bf4} 7. Na3 $146 (7. b4 $5) ({Predecessor:} 7. Qc1 O-O 8. Nbd2 Bd7 9. Ne5 Nc6 10. O-O Rac8 11. Re1 Rfd8 12. dxc5 Qxc5 13. Nb3 Qb6 14. Nxd7 Nxd7 {½-½ (58) Ornstein,A (2349)-Akesson,R (2460) Gothenburg 2017}) 7... c4 8. Bxc4 $2 (8. Bc2 $1 $11 {and White stays safe.}) 8... dxc4 $19 {Black is clearly better.} 9. Nxc4 Qa6 10. Ncd2 O-O 11. Qe2 Qxe2+ 12. Kxe2 b6 13. c4 Bb7 14. b4 Nbd7 15. a4 Ne4 16. Nb3 (16. Nxe4 {was necessary.} Bxe4 17. a5) 16... a6 17. Rhc1 Rfe8 18. Ne5 Bxe5 $1 19. Bxe5 f6 20. Bg3 Rec8 21. f3 Nxg3+ 22. hxg3 f5 23. Kd3 (23. a5 $15) 23... e5 (23... a5 $1 $17 24. b5 e5) 24. d5 (24. a5 $1 $15) 24... a5 25. bxa5 bxa5 26. Rab1 Ba6 27. e4 Nc5+ (27... fxe4+ $19 28. fxe4 Rab8 29. Nxa5 Rxb1 30. Rxb1 Rc5) 28. Nxc5 $15 Rxc5 29. Rb6 Kf7 30. Re6 Rc7 31. exf5 Bc8 (31... Rc5 $5 {[%cal Rc5d5]}) 32. fxg6+ hxg6 33. Rxe5 {Hoping for c5.} Rb8 34. Kd4 Rb2 35. Re3 (35. c5 $16) 35... Ba6 36. Re4 Rd2+ (36... Rb4 $11) 37. Ke5 $14 Bc8 (37... Rc8 $14) 38. c5 $2 (38. Rh1 $18 {aiming for Rh7+.} Kg7 39. Reh4 Re7+ 40. Kd6) 38... Re7+ $11 39. Kf4 {Rh1 is the strong threat.} Rxd5 40. Rxe7+ Kxe7 {[%mdl 4096] Endgame KRB-KR} 41. c6 {[#]} (41. g4 $1 $15) 41... Kd6 (41... Rf5+ $142 $1 42. Ke4 Kd6) 42. c7 $2 {[#]} (42. g4 $17) 42... Rf5+ $1 $19 43. Ke4 Re5+ 44. Kd4 Re2 45. Rh1 $2 (45. Rb1 {is a better chance.}) 45... Rxg2 46. g4 Kxc7 (46... Ra2 $142 47. Kc4 Kxc7) 47. Rh6 $2 (47. Rc1+ {was the only defense.} Kd7 48. Rc5) 47... Rd2+ {Black is clearly winning.} 48. Kc5 Rd6 49. Rh8 (49. Rh7+ $142 Bd7 50. g5) 49... Rf6 50. Rh7+ Bd7 51. Rg7 Kd8 52. f4 Bxg4 53. Kb5 Bd7+ 54. Kxa5 Be8 55. Kb4 Rxf4+ 56. Kc5 Rxa4 57. Kd6 Ra6+ 58. Ke5 Rc6 59. Rh7 Rc7 60. Rh8 Ke7 61. Kd4 {Precision: White = 22%, Black = 40%.} 0-1

[Event "21st Hogeschool Zeeland 2017"]
[Site "Vlissingen"]
[Date "2017.08.11"]
[Round "8"]
[White "Lai, Hing Ting"]
[Black "Vedder, Richard"]
[Result "1-0"]
[WhiteElo "2388"]
[BlackElo "2255"]
[Annotator "TA"]
[PlyCount "55"]
[EventDate "2017.??.??"]
[SourceTitle "playchess.com"]
[Source "ChessBase"]
[SourceQuality "1"]

{[%evp 13,54,29,39,0,0,-5,82,90,74,76,162,167,235,238,341,304,372,364,380,334,719,704,682,699,1134,1041,1018,974,1029,185,1028,1025,1250,1234,29993,29994,29994,29993,29993,29994,29997,29998,29999]} 1. b3 e5 2. Bb2 Nc6 3. e3 Nf6 4. Bb5 d6 5. Ne2 Bd7 6. O-O a6 7. Bxc6 {A01: Nimzowitsch-Larsen Opening} Bxc6 {LiveBook: 10 Games} 8. d3 (8. d4 Qe7 9. Nd2 O-O-O 10. a4 Qe6 11. c4 Qg4 12. e4 h5 13. d5 Bd7 14. c5 h4 {1-0 (60) Revelator (2504)-Simplicissimus (2477) playchess.com INT 2007}) 8... Qe7 $146 ({Predecessor:} 8... Be7 9. Nd2 O-O 10. e4 Re8 11. h3 Bf8 12. f4 Nd7 13. Nc4 b6 {1-0 (41) Fontana Sotomayor,L (2315)-Escuer Sanchez,N (2066) Aragon 2016}) 9. c4 {The position is equal.} O-O-O (9... g6 $11 {keeps the balance.}) 10. e4 $16 h5 11. Nbc3 Ng4 {[#]} (11... Bd7 $16) 12. b4 $1 $18 b6 (12... Qh4 $6 13. h3 $16) (12... Bd7 $142 13. Nd5 Qg5) 13. a4 {[%cal Ba2a4,Ba4b5][%mdl 32]} f5 (13... d5 {was necessary.}) 14. b5 (14. exf5 Qg5 $16) 14... axb5 (14... Qh4 $6 15. h3 $18) 15. axb5 Bb7 16. Ra7 f4 $2 (16... fxe4 17. Nxe4 (17. dxe4 d5 $14) 17... Qh4) 17. Qa4 f3 18. Rxb7 {Threatens to win with Nd5.} fxg2 19. Nd5 {[%cal Bc3d5,Bd5b4,Bb4a6][%mdl 32]} gxf1=Q+ 20. Kxf1 {Nxb6+! would kill now.} Kxb7 {[#]} 21. Qa6+ $1 $40 {[%mdl 128] White has strong attack.} ({Inferior is} 21. Nxe7 Bxe7 22. Qa6+ Kb8 $14) 21... Kb8 {White must now prevent ...Qh4.} 22. Nb4 {[%cal Rb4c6]} ({Weaker is} 22. Nxe7 Bxe7 23. Bd4 Rdf8 $11) 22... Ne3+ 23. fxe3 {[%cal Rb4c6]} Qf6+ {[#]} 24. Nf4 $1 {[%cal Rb4c6][%mdl 512] White mates.} c5 (24... exf4 25. Nc6#) 25. bxc6 {[%csl Gc6][%cal Ra6b7]} Qf7 26. Qxb6+ Kc8 27. Na6 {[%csl Ga6][%cal Rb6b8]} exf4 28. Qb8# {Precision: White = 92%, Black = 27%.} 1-0

[Event "21st Hogeschool Zeeland 2017"]
[Site "Vlissingen"]
[Date "2017.08.11"]
[Round "8"]
[White "Warmerdam, Max"]
[Black "Ten Hertog, Hugo"]
[Result "0-1"]
[WhiteElo "2387"]
[BlackElo "2466"]
[Annotator "TA"]
[PlyCount "90"]
[EventDate "2017.??.??"]
[SourceTitle "playchess.com"]
[Source "ChessBase"]
[SourceQuality "1"]

{[%evp 11,89,22,45,32,44,44,44,46,49,42,42,43,49,35,39,42,50,39,64,70,73,73,94,40,79,72,100,103,111,92,157,134,166,151,151,112,160,125,120,130,114,117,102,80,79,62,82,73,85,58,60,0,0,0,0,0,0,0,0,0,0,-158,0,0,0,-231,-239,-191,-216,-1921,-1829,-29995,-29996,-29996,-29997,-29997,-29998,-29998,-29999,-29999]} 1. d4 g6 2. c4 Bg7 3. Nc3 d6 4. e4 Nf6 5. h3 O-O 6. Be3 Na6 7. g4 {E71: King's Indian: 4 e4 d6 5 h3} c5 8. Nge2 b6 9. Bg2 {And now e5 would win.White is slightly better.} e5 $146 ({Predecessor:} 9... cxd4 10. Nxd4 Bb7 11. O-O Nc5 12. Qc2 e5 13. Nde2 h5 14. f3 Ne6 {1-0 (66) Lupulescu,C (2620)-Nevednichy,V (2547) Calimanesti Caciulata 2017}) 10. d5 Nc7 11. a4 a6 12. Ng3 Rb8 13. b3 b5 14. a5 bxc4 15. bxc4 Rb4 16. Qd3 Bd7 17. Bf3 (17. O-O $16) 17... Qa8 18. Bd1 Qa7 19. f3 Rfb8 20. h4 Kf8 (20... h5 $142) 21. h5 Ng8 22. hxg6 hxg6 23. g5 Qb7 24. Bc1 Qc8 25. Ra2 Qd8 26. Rh7 Ne8 27. Kf1 Ne7 28. Kg1 Kg8 29. Rhh2 f5 30. gxf6 Nxf6 31. f4 (31. Kh1 $14) 31... exf4 $1 $11 32. Bxf4 Ng4 $1 {[%cal Rg4h2]} 33. Bxg4 $1 Bxg4 34. e5 Rb3 ({Much weaker is} 34... dxe5 $6 35. Bg5 $16) 35. Nge4 Bf5 {aiming for ...Bxe4.} 36. Rhe2 $2 {[#]} (36. Qe2 $11) 36... Rxc3 $2 ({Not} 36... Bxe5 37. Bxe5 dxe5 38. Qg3 $14) (36... dxe5 37. Bg5 $11) (36... Bxe4 $1 $17 37. Rxe4 Qc8) 37. Qxc3 Rb1+ $1 {[%cal Bb8b1,Bb1f1,Bf1f3][%mdl 32]} 38. Kg2 $2 {[#]} (38. Kf2 $11 {and White is okay.} Bxe4 39. Rxe4) 38... Nxd5 $1 $19 {[%mdl 512]} 39. cxd5 {Nf6+ is the strong threat.} Qh4 {( -> ...Qh1+)} 40. Nf6+ $2 (40. Qe3 $2 {gets mated.} Qh1+ 41. Kg3 Qh3+ 42. Kf2 Rf1#) (40. Nf2 Qxf4 41. Qe3) 40... Bxf6 $1 41. exf6 Qh1+ {Black mates.} 42. Kf2 Rf1+ 43. Ke3 Qe4+ 44. Kd2 Qxd5+ 45. Ke3 Rf3# {Precision: White = 54%, Black = 59%.} 0-1

[Event "21st Hogeschool Zeeland 2017"]
[Site "Vlissingen"]
[Date "2017.08.11"]
[Round "8"]
[White "Gonzales, Jayson"]
[Black "Mellema, Andries"]
[Result "1-0"]
[WhiteElo "2378"]
[BlackElo "2155"]
[Annotator "TA"]
[PlyCount "121"]
[EventDate "2017.??.??"]
[SourceTitle "playchess.com"]
[Source "ChessBase"]
[SourceQuality "1"]

{[%evp 16,121,0,-2,38,27,34,31,59,56,113,79,75,66,72,65,75,73,113,112,112,113,122,111,111,103,111,96,97,100,124,122,137,140,175,175,216,207,214,172,188,173,172,162,187,0,168,0,163,147,216,144,145,131,143,149,172,169,212,206,202,170,185,187,181,183,182,181,203,179,169,177,199,200,220,229,231,224,269,248,274,245,245,247,251,241,247,255,263,266,346,349,384,395,367,366,383,0,342,356,337,339,334,295,530,542,517,531]} 1. e4 e6 2. d4 d5 3. Nc3 Nf6 4. Bg5 Be7 5. e5 Nfd7 6. Bxe7 Qxe7 7. Nb5 Nb6 8. a4 {[%cal Ba2a4,Ba4a5][%mdl 32] C14: French: Classical System: 4 Bg5 Be7 main line} (8. Bd3 a6 9. Nc3 Nc6 10. Nf3 Qb4 11. O-O Qxb2 12. Ne2 Qa3 13. Qd2 Bd7 14. Qg5 Qf8 15. a4 h6 {½-½ (48) Mary,P (2479)-Talpak,T (2533) ICCF email 2013}) 8... a6 9. a5 {LiveBook: 12 Games} Nc4 10. Bxc4 $1 {White is slightly better.} dxc4 11. Na3 Bd7 12. Nf3 $146 {[%cal Bg1f3,Bf3d2,Bd2b3,Bb3c5][%mdl 32]} ({Predecessor:} 12. c3 Bb5 13. Nf3 Nc6 14. Nc2 O-O 15. O-O b6 16. axb6 cxb6 {1-0 (39) Muench,I (2190)-Sterk,G (2210) Germany 1998}) 12... Nc6 (12... Qb4+ $14 13. Qd2 Qa4) 13. Qd2 Qb4 14. Qxb4 Nxb4 15. O-O-O Bb5 {[#]} 16. Nd2 $1 c3 17. bxc3 Nc6 18. Nb3 {aiming for c4.} Ne7 19. f3 h5 20. h4 Nf5 21. c4 Bd7 22. Rd2 O-O-O 23. Nc5 Bc6 24. c3 Rh6 25. Nc2 Rg6 26. Kb2 Kb8 27. Ka3 Ka7 28. Nd3 Rh6 29. Nf4 Rhh8 30. Nd3 Rh6 $1 31. Nc5 Rg6 $1 32. Rh2 Be8 (32... b6 $16) 33. Nd3 Ne7 34. Na1 Nf5 35. Re2 {[%cal Bd2e2,Be2e1,Be1b1,Bb1b2][%mdl 32]} Ng3 36. Re1 Bc6 37. Nc2 Nf5 {[%cal Bg3f5,Bf5e7,Be7c6][%mdl 32]} 38. Ne3 Ne7 39. Rb1 Rh6 40. Nc5 Rb8 41. Rhh1 Be8 42. Rb2 Nc6 {[#]} 43. Nb3 $1 f6 44. f4 {[%cal Bf3f4,Bf4e5][%mdl 32]} fxe5 45. fxe5 Rg6 46. Rh3 Rd8 47. Rf3 Rb8 48. Rd2 Rd8 49. Kb2 Kb8 50. Kc1 Kc8 51. Kd1 Ne7 52. Ke1 Bc6 53. Rf7 Re8 54. Nc5 Ng8 55. Rdf2 Ne7 56. Rd2 Ng8 $1 57. Kf1 Nh6 58. Rf4 Bd7 59. Rdf2 Kd8 $2 (59... Rd8 60. Ke2 Bc6) 60. Nxb7+ $18 Ke7 61. d5 {Precision: White = 69%, Black = 46%.} 1-0

[Event "21st Hogeschool Zeeland 2017"]
[Site "Vlissingen"]
[Date "2017.08.11"]
[Round "8"]
[White "De Jong, Migchiel"]
[Black "Hausrath, Daniel"]
[Result "0-1"]
[WhiteElo "2338"]
[BlackElo "2491"]
[Annotator "TA"]
[PlyCount "125"]
[EventDate "2017.??.??"]
[SourceTitle "playchess.com"]
[Source "ChessBase"]
[SourceQuality "1"]

{[%evp 17,125,73,74,56,62,59,63,63,79,72,81,85,82,7,52,59,63,59,53,8,19,22,17,19,21,24,28,28,27,29,46,20,26,8,36,-19,-20,-21,-22,-50,-49,-49,-49,-47,-47,-45,-35,-16,0,-43,-43,-200,-8,-333,-330,-240,0,-81,0,0,0,0,0,0,0,-8,-8,-8,0,0,0,-40,-20,-8,-10,-10,-13,-29978,-29979,-29983,-29978,-29978,-29979,-29977,-29972,-29972,-29973,-29973,-29974,-29974,-29975,-29974,-29976,-29976,-29977,-29977,-29978,-29978,-29979,-29979,-29979,-29979,-29980,-29980,-29981,-29981,-29982,-29982,-29981,-29983]} 1. e4 c6 2. d4 d5 3. Nd2 dxe4 4. Nxe4 Nf6 5. Nxf6+ gxf6 6. c3 h5 7. Nf3 {B16: Caro-Kann: Bronstein-Larsen Variation} h4 8. Bc4 Nd7 9. Qb3 e6 {LiveBook: 4 Games} 10. Bf4 $146 ({Find the theoretical novelty and annotate with similar games:} 10. O-O Nb6 11. Be2 Qc7 12. c4 e5 13. dxe5 fxe5 14. a4 h3 15. g3 {½-½ (25) Eggleston,D (2424)-Le Roux,J (2539) England 2015}) 10... b5 11. Be2 Nb6 12. O-O Bd6 13. Bxd6 Qxd6 14. Nd2 f5 15. c4 (15. Nf3 $16) 15... bxc4 (15... h3 $5 16. g3 bxc4 17. Nxc4 Nxc4 18. Bxc4 (18. Qxc4 Rb8 $14) 18... Rb8 $14) 16. Nxc4 Nxc4 17. Qxc4 h3 18. Bf3 hxg2 {[%csl Gh8][%cal Rd6h2]} 19. Qxc6+ Ke7 {[%csl Gh8][%cal Rd6h2]} 20. Qxd6+ Kxd6 21. Rfc1 Rb8 22. Rc6+ Ke7 23. Rc7+ Kf6 24. Rac1 ({Not} 24. Bxg2 Rg8 $17) 24... Ba6 25. Rxa7 Bd3 (25... Bf1 $5) 26. Rcc7 (26. Ra3 $14 Bf1 27. Bxg2 Bxg2 28. Kxg2) 26... Rxb2 $11 27. Rxf7+ Kg5 28. Kxg2 Rb1 29. Rg7+ $1 Kf4 {[%mdl 1024] Black has compensation.} 30. Ra3 $1 {[%cal Ra3d3]} Bf1+ 31. Kh1 Be2+ (31... Rc8 $5 {[%cal Rf1h3]} 32. Rg1 Rcc1 $15) 32. Kg2 Bf1+ (32... Rh7 $5 33. Rg3 Bf1+ 34. Kh1 Be2+ 35. Kg2 Bf1+ 36. Kh1 Be2+ 37. Kg2 $11) 33. Kh1 Rc8 {( -> ...Bh3+)} 34. h4 $2 ({White has to play} 34. Rg1 $15) 34... Rc2 $2 ({Better is} 34... Be2+ $1 $19 35. Kg2 Rcc1) 35. Kg1 $2 {[%mdl 8192]} (35. Bg2 $11) 35... Be2+ $19 36. Kg2 {Strongly threatening Bxe2.} Bf1+ $2 (36... Rxa2 $19 {is more deadly.} 37. Rc3 (37. Rxa2 $2 {is a self mate.} Bxf3+ 38. Kh3 Rh1#) 37... Raa1) 37. Kg1 $17 {[#]} Bh3+ (37... e5 $1 $17 {[%cal Re5e4] And now ...e4 would win.} 38. dxe5 Be2+ 39. Kg2 Rxa2 40. Bxe2 Rxa3) 38. Kh2 $11 Bg4 39. Kg2 Rbb2 40. Bxg4 {Hoping for Rf3+.} Rxf2+ 41. Kg1 Rg2+ 42. Kf1 {Rf3+ is the strong threat.} fxg4 {[%mdl 4096] Endgame KRR-KRR} 43. Rf7+ $1 Ke4 44. Rf6 Rh2 {[%cal Rh2h1]} 45. Kg1 $1 Rbg2+ 46. Kf1 g3 47. Rxe6+ $2 {[%mdl 8192]} (47. h5 $11) 47... Kf5 {Black mates.} 48. Ree3 Kg4 49. Rf3 Kh3 {[%cal Rh2h1]} 50. Ke1 Rh1+ 51. Rf1 {[#]} Rxf1+ $1 52. Kxf1 {KR-KR} Kh2 53. Ke1 Rb2 54. Ra5 g2 {[%cal Rg2g1]} 55. Rg5 Rxa2 56. h5 g1=Q+ 57. Rxg1 Kxg1 {KR-KPP} 58. h6 Kg2 59. h7 Ra8 60. Ke2 Re8+ 61. Kd3 Kf3 62. d5 Kf4 63. Kd4 {Precision: White = 36%, Black = 64%.} 0-1